Major Cities On Route 66 - Statistics

General Stats
  • This quiz has been taken 33 times
  • The average score is 12 of 20
Answer Stats
State City % Correct
NM Albuquerque
92%
IL Chicago
92%
OK Tulsa
92%
OK Oklahoma City
88%
MO Saint Louis
88%
TX Amarillo
83%
AZ Flagstaff
79%
CA Los Angeles
79%
MO Springfield
75%
IL Springfield
75%
NM Santa Fe
67%
NM Gallup
54%
MO Joplin
50%
AZ Kingman
42%
NM Tucumcari
42%
CA Barstow
38%
CA Needles
29%
CA San Bernardino
29%
AZ Holbrook
25%
AZ Winona
17%
No matching quizzes found
Score Distribution
Percent of People with Each Score
Percentile by Number Answered
Your Score History
You have not taken this quiz